| 000 | 01577cam a22003734a 4500 | ||
|---|---|---|---|
| 001 | 12954801 | ||
| 003 | NUST-PNEC | ||
| 005 | 20170116180654.0 | ||
| 008 | 021002s2003 nyua b 001 0 eng | ||
| 010 | _a 2002038697 | ||
| 020 | _a007138622X (hc : alk. paper) | ||
| 040 |
_aDLC _cDLC _dDLC |
||
| 042 | _apcc | ||
| 050 | 0 | 0 |
_aTK1010 _b.D84 2003 |
| 082 | 0 | 0 | _a621.3191 DUG |
| 100 |
_9129 _aDugan, Roger C. |
||
| 245 | 0 | 0 |
_aElectrical power systems quality / _cRoger C. Dugan ... [et al.] |
| 250 | _a2nd ed. | ||
| 260 |
_aNew York : _bMcGraw-Hill, _cc2003. |
||
| 300 |
_axv, 528 p. : _bill. ; _c24 cm. |
||
| 500 | _aRev. ed of: Electrical power systems quality / Roger C. Dugan, Mark F. McGranaghan, H. Wayne Beaty. c1996. | ||
| 504 | _aIncludes bibliographical references and index. | ||
| 650 | 0 |
_aElectric power system stability. _xEE, EL |
|
| 650 | 0 | _aElectric power systems | |
| 650 | 0 |
_aElectric power-plants _xQuality control. |
|
| 700 | 1 | _aDugan, Roger C. | |
| 700 | 1 |
_aDugan, Roger C. _tElectrical power systems quality. |
|
| 856 | 4 | 2 |
_3Contributor biographical information _uhttp://www.loc.gov/catdir/bios/mh041/2002038697.html |
| 856 | 4 | 1 |
_3Table of contents _uhttp://www.loc.gov/catdir/toc/mh031/2002038697.html |
| 856 | 4 | 2 |
_3Publisher description _uhttp://www.loc.gov/catdir/enhancements/fy0704/2002038697-d.html |
| 906 |
_a7 _bcbc _corignew _d1 _eocip _f20 _gy-gencatlg |
||
| 942 |
_2ddc _cBK |
||
| 999 |
_c60317 _d60317 |
||